000 01290 a2200289 4500
003 Nust
005 20170207153416.0
010 _a 97041831
020 _a0585380686 (electronic bk.)
020 _a0833025295 (alk. paper)
040 _cNust
082 0 0 _a358.4030973
245 0 0 _aSources of conflict in the 21st century :
_bregional futures and U.S. strategy /
_cedited by Zalmay M. Khalilzad and Ian O. Lesser.
246 3 _aSources of conflict in the twenty-first century
260 _aSanta Monica, CA :
_bRand,
_c1998.
300 _axiii, 336 p. :
_bill., map ;
_c23 cm.
500 _a"Prepared for the United States Air Force."
500 _aIntroduction (page-1) Overview of Future Security (page-7) Sources of Conflict in Asia (Page-43) Sources of Conflict in the Greater Middle (Page-171) Sources of Conflict in Europe and the Former Soviet Union (Page-231) Conclusion and Implication for the U.S. Air Force of 2025(Page-307)
538 _aAlmirah No.54 Shelf No.5
650 0 _aAir defenses
_zUnited States.
650 0 _aWorld politics
_y1989-
_xForecasting.
700 1 _aKhalilzad, Zalmay.
700 1 _aLesser, Ian O.,
_d1957-
710 1 _aProject Air Force (U.S.)
710 1 _aUnited States.
_bAir Force.
856 4 1 _uhttp://www.rand.org/publications/MR/MR897/
942 _2ddc
_cBK
999 _c185563
_d185563